00613nam a22001937a 4500003000200000005001700002008004100019020002200060050002200082100002700104245006100131260005600192300005400248504005100302650002700353650001200380650001400392650001300406020250919150341.0250919b xxu||||| |||| 00| 0 eng d a979-8-88836-718-6 aQH 491b.P73 2025 aPrady, Laila,eauthor. aDevelopmental biology :ban introduction /cLaila Prady. aNew York, NY :bLarsen and Keller Education,c2025. avii, 201 pages :bcolored illustrations ;c27 cm. aIncludes bibliographical references and index. aDevelopmental biology. aGrowth. aOntogeny. aBiology.